LEADER 02821nam 2200601 450 001 9910495827903321 005 20201016235143.0 010 $a2-8218-9841-X 010 $a2-7606-3154-0 024 7 $a10.4000/books.pum.8822 035 $a(CKB)2560000000103999 035 $a(EBL)3285932 035 $a(SSID)ssj0001085768 035 $a(PQKBManifestationID)12486789 035 $a(PQKBTitleCode)TC0001085768 035 $a(PQKBWorkID)11054338 035 $a(PQKB)10320924 035 $a(CEL)445854 035 $a(OCoLC)842999644 035 $a(CaBNVSL)slc00232254 035 $a(MiAaPQ)EBC3285932 035 $a(MiAaPQ)EBC4750095 035 $a(FrMaCLE)OB-pum-8822 035 $a(VaAlCD)20.500.12592/htw66q 035 $a(PPN)233379819 035 $a(EXLCZ)992560000000103999 100 $a20161215h20122012 uy 0 101 0 $afre 135 $aur|n|---||||| 181 $ctxt 182 $cc 183 $acr 200 04$aLes comportements dans le domaine de la sante? $ecomprendre pour mieux intervenir /$fsous la direction de Gaston Godin 210 1$aMontre?al, Que?bec :$cLes Presses de l'Universite? de Montre?al,$d2012. 210 4$d©2012 215 $a1 online resource (327 p.) 300 $aDescription based upon print version of record. 311 $a2-7606-2779-9 320 $aIncludes bibliographical references. 330 $aÉtonnamment, ce n'est pas nécessairement pour se sentir mieux qu'on arrête de fumer. En fait, il est rare que l'on adopte un comportement lié à la santé uniquement pour des raisons de santé. Ce serait plutôt une action que l'on accomplit au même titre que d'autres, comme voter aux élections, acheter un ordinateur ou composter son potager. Selon l'auteur, les raisons de bien-être n'expliquent pas à elles seules que des gens adoptent, maintiennent ou abandonnent des comportements de santé. Malheureusement, les professionnels de ce milieu commettent souvent l'erreur d'axer leurs interventions éducatives en brandissant le spectre de la peur ou en limitant leurs initiatives à la seule présentation des bénéfices pour la santé qu'il y aurait à adopter le « bon » comportement. S'adressant à tous les professionnels de la santé, cet ouvrage couvre les principales théories de prédiction et du changement des comportements, tout en fournissant un guide pour le développement d'outils d'évaluation. 606 $aPatient education 606 $aPatient compliance 615 0$aPatient education. 615 0$aPatient compliance. 676 $a613 702 $aGodin$b Gaston 801 0$bMiAaPQ 801 1$bMiAaPQ 801 2$bMiAaPQ 906 $aBOOK 912 $a9910495827903321 996 $aLes comportements dans le domaine de la sante?$92252379 997 $aUNINA